00534 2200217 4500001002100000005001500021035002000036007000300056008004100059020002200100082000800122084001400130100001500144245004300159250001000202260003900212300002600251990001300277990001300290990001300303INLIS00000000000673220210221115948 a0010-0221000175ta210221 g 1 ind  a978-602-032-662-7 a813 a813 ALM t0 aALMA KATSU1 aTHE TAKER SANG PENGAMBIL /cALMA KATSU acet.2 aJakarta :bGramedia Pustaka,c2018 a672 hlm ;c13 x 20 cm a05120512 a05120512 a05120512